000
00277nam a22001217a 4500
008
181221b xxu||||| |||| 00| 0 eng d
041
_a
eng
080
_a
316
100
_a
50
101
_a
SOC
245
_a
The Human Perspective In Sociology
_c
Bruyn.S.T
942
_2
udc
_c
BK
999
_c
53617
_d
53617